03542nab a2200301 i 4500003000900000005001700009008004100026040001800067072000800085100001900093100001600112100001900128100001900147100001600166100002100182100001800203100001900221245013200240500006600372520120500438520122201643650001602865650001902881650002402900650002402924773021302948856007903161BR-BrBNA20240315080956.0240315b2012 bl.qr|pooa||| 00| 0 por | aBR-BrBNAbpor aF60 aArruda, A.L.A. aSouza, D.G. aVieira, C.J.B. aOliveira, R.F. aPavan, F.R. aFujimura, C.Q.L. aResende, U.M. aCastilho, R.O. aAnálise fitoquímica e atividade antimicobacteriana de extratos metanólicos de Jacaranda cuspidifolia Mart. (Bignoniaceae) aPublicação on-line; 45 ref.; 1 illus.; Summaries (En, Pt) a RESUMO: Jacaranda cuspidifolia Mart., conhecida popularmente como “caroba”, “jacarandá” ou “bolacheira”, é utilizada medicinalmente para o tratamento da sífilis e da gonorréia. A atividade antimicobacteriana dessa espécie foi avaliada em ensaios in vitro com os extratos metanólicos das cascas e folhas, segundo o Método Analítico Alamar Blue (MABA). Os valores de concentração inibitória mínima para os extratos metanólicos das cascas e das folhas de J. cuspidifolia foram iguais a CIM = 250 g mL-1 para ambos os extratos. A análise fitoquímica, por Cromatografia em Camada Delgada de gel de sílica, dos extratos metanólicos das cascas e folhas revelou a presença de taninos, flavonóides, terpenos, cumarinas e esteróides. A análise dos perfis dos extratos metanólicos por Cromatografia Líquida de Alta Eficiência de Fase Reversa registrou a presença de compostos fenólicos derivados do verbascosídeo sugerindo a provável responsabilidade pela ação antimicobacteriana. Palavras-chave: Jacaranda cuspidifolia Mart., Mycobacterium tuberculosis H37RvA, atividade antimicobacteriana, compostos fenólicos, Verbascosídeo  a ABSTRACT: Phytochemical analysis and antimycobacterial activity of methanol extracts from Jacaranda cuspidifolia Mart. (Bignoniaceae). Jacaranda cuspidifolia Mart., popularly known as “caroba”, “jacaranda” or “bolacheira”, is used as medicine for the treatment of syphilis and gonorrhea. The antimycobacterial activity of this species was assessed by means of in vitro assays with methanol extracts of barks and leaves according to the Microplate Alamar Blue Assay (MABA). The minimal inhibitory concentration values for methanol extracts of barks and leaves from J. cuspidifolia were MIC = 250 g mL-1 for bothextracts. Phytochemical analysis, by Thin Layer Chromatography on silica gel, of methanol extracts of barks and leaves revealed the presence of tannins, flavonoids, terpenes, cumarins and steroids. Analysis of the profiles of methanol extracts by High Performance Liquid Chromatography - Reversed Phase recorded the presence of phenolic compounds derivatives of verbascoside, suggesting their probable responsibility for the antimycobacterial action. Key words: Jacaranda cuspidifolia Mart., Mycobacterium tuberculosis H37RvA, antimycobacterial activity, phenolic compounds, Verbascoside aJACARANDÁ aMICOBACTÉRIA aCOMPOSTO FENÓLICO aANÁLISE QUÍMICA0 03543dBotucatu-SP Instituto de Biociências - Departamento de Química e Bioquímica 1998o2024-0141tRevista Brasileira de Plantas Medicinais (Brazil)x1516-0572gv. 14(2) p. 276-281; (2012)wBR2024000164 uhttps://www.scielo.br/j/rbpm/a/ysHFz3bZfDCLQCCh6XTT4GR/?format=pdf&lang=pt